LEADER 01216nam a2200241 i 4500 001 000000050022 003 CaOOAMICUS 005 20240327122211.0 008 101120s1977 it u000 u ita u 013 $a21193 040 $aSeMil$bita 245 13$aUn prete, un popolo :$bil cammino della comunità parrocchiale di Turro, 1937-1987 : nel 50. di sacerdozio del parroco don Domenico Ghinelli /$c[testi Dr. G. Marognoli]. 260 $a[S.l. :$bs.n.],$c1977$e(Milano :$fAlba Industria Grafica di Patti F.,$g1977) 300 $a90 p. :$bill. ;$c22 cm. 600 14$aGhinelli, Domenico .$0(OLS)http://semarc/subject/10371 650 4$aMilano - Rioni e quartieri - Turro.$0(OLS)http://semarc/subject/10372 700 1 $aMarognoli, G.$0(OLS)http://semarc/name/24764 850 $aSeMil 852 $aSeMil$W1$xVenegono$y1$m3J V 218$j16177$B16177$CSeMilBibl$Z2$F16177 $81 961 $aOmaggio: Dossena mons. Tranquillo 996 $6245$aUn prete, un popolo :$bil cammino della comunità parrocchiale di Turro, 1937-1987 : nel 50. di sacerdozio del parroco don Domenico Ghinelli$9(OLS)http://semarc/title/76289 996 $6260$a[S.l. :$bs.n.]$9(OLS)http://semarc/publisher/29751 LEADER 01033nam a2200205 i 4500 001 000000068397 003 CaOOAMICUS 005 20100722000000.0 008 100722s1915 it u000 u lat u 013 $a39569 040 $aSeMil$bita 100 1 $aVarvello, Francesco.$0(OLS)http://semarc/name/8994 245 10$aEthica et ius naturae. 2., complectens ius naturae /$cFranciscus Varvello. 260 $aTorino :$bLibreria Editrice Internazionale della SAID Buona Stampa,$c1915. 300 $a762 p. ;$c23 cm. 773 0 $aVarvello, Francesco$tInstitutiones philosophiae.$dTorino : Libreria Editrice Internazionale della SAID Buona Stampa : [poi]... Società Editrice Internazionale, 1899.$gPars3$w()20085 850 $aSeMil 852 $aSeMil$W1$xVenegono$y1$m2O III 19$j34550$B34550$CSeMilBibl$Z2$F34553 $81 996 $6245$aEthica et ius naturae. 2., complectens ius naturae$9(OLS)http://semarc/title/109185 996 $6260$aTorino :$bLibreria Editrice Internazionale della SAID Buona Stampa$9(OLS)http://semarc/publisher/42794